Medical store's sales and inventory control system (Record no. 9276)

000 -LEADER
fixed length control field 00516 a2200145 4500
040 ## - CATALOGING SOURCE
Original cataloging agency 0
082 ## - DEWEY DECIMAL CLASSIFICATION NUMBER
Classification number PGDIT-2
100 ## - MAIN ENTRY--PERSONAL NAME
Personal name Sami Ullah.
9 (RLIN) 100084
245 ## - TITLE STATEMENT
Title Medical store's sales and inventory control system
Statement of responsibility, etc. Sami Ullah.
260 ## - PUBLICATION, DISTRIBUTION, ETC.
Place of publication, distribution, etc. Islamabad :
Name of publisher, distributor, etc. NUST School of Electrical Engineering & Computer Science,
Date of publication, distribution, etc. 2003.
300 ## - PHYSICAL DESCRIPTION
Extent v, 104 p. :
Other physical details ill. ;
Dimensions 27 cm.
500 ## - GENERAL NOTE
General note Supervisor : Dr. Muhammad Adaidullah Anwar.
856 ## - ELECTRONIC LOCATION AND ACCESS
Uniform Resource Identifier <a href="http://10.250.8.41:8080/xmlui/handle/123456789/13209">http://10.250.8.41:8080/xmlui/handle/123456789/13209</a>
942 ## - ADDED ENTRY ELEMENTS (KOHA)
Koha item type Project Report
Call number prefix PGDIT-2 SAM
Source of classification or shelving scheme
Holdings
Withdrawn status Lost status Damaged status Not for loan Permanent Location Current Location Date acquired Total Checkouts Full call number Barcode Date last seen Price effective from Koha item type
        Central Library (CL) Central Library (CL) 11/14/2012   PGDIT-2 SAM SEECSP00751 11/14/2012 11/14/2012 Project Report
© 2023 Central Library, National University of Sciences and Technology. All Rights Reserved.